GEOTECHNICAL ENGINEERING / (Record no. 588864)
[ view plain ]
| 000 -LEADER | |
|---|---|
| fixed length control field | 00313nam a22001337a 4500 |
| 020 ## - INTERNATIONAL STANDARD BOOK NUMBER | |
| Qualifying information | HB. |
| 040 ## - CATALOGING SOURCE | |
| Transcribing agency | FIZZA ISHAQ |
| 082 ## - DEWEY DECIMAL CLASSIFICATION NUMBER | |
| Classification number | 624.151 |
| Author Mark | VNS |
| 100 ## - MAIN ENTRY--PERSONAL NAME | |
| Personal name | MURTHY,S.N.V. |
| 9 (RLIN) | 90673 |
| 245 ## - TITLE STATEMENT | |
| Title | GEOTECHNICAL ENGINEERING / |
| Statement of responsibility, etc. | V.N.S.MURTHY |
| 260 ## - PUBLICATION, DISTRIBUTION, ETC. | |
| Place of publication, distribution, etc. | CRC PRESS ; |
| Date of publication, distribution, etc. | 2009. |
| 300 ## - PHYSICAL DESCRIPTION | |
| Extent | 1029 P. ; |
| 942 ## - ADDED ENTRY ELEMENTS (KOHA) | |
| Source of classification or shelving scheme | |
| Koha item type | Book |
| Withdrawn status | Lost status | Source of classification or shelving scheme | Damaged status | Not for loan | Permanent Location | Current Location | Date acquired | Full call number | Barcode | Date last seen | Copy number | Price effective from | Koha item type | Total Checkouts |
|---|---|---|---|---|---|---|---|---|---|---|---|---|---|---|
| NUST Baluchistan Campus (NBC) | NUST Baluchistan Campus (NBC) | 03/18/2022 | 624.151 VNS | Q-3112 | 03/18/2022 | 2 | 03/18/2022 | Book | ||||||
| NUST Baluchistan Campus (NBC) | NUST Baluchistan Campus (NBC) | 02/16/2026 | 624.151 VNS | Q-2105 | 02/16/2026 | 1 | 02/16/2026 | Book |
